[Event "Eastern Ontario op"]
[Site "Ottawa CAN"]
[Date "2019.06.16"]
[Round "5.1"]
[White "Sambuev, Bator"]
[Black "Zhong, Kevin"]
[Result "1-0"]
[WhiteElo "2566"]
[BlackElo "2220"]
[PlyCount "47"]
[EventDate "2019.06.14"]
[EventType "swiss"]
[EventRounds "5"]
[EventCountry "CAN"]

1. d4 d5 2. Nf3 Nf6 3. e3 e6 4. Bd3 c5 5. b3 Nc6 6. O-O Bd6 7. Bb2 O-O 8. a3 b6
9. Nbd2 Bb7 10. Qe2 Qc7 11. dxc5 bxc5 12. Bxf6 gxf6 13. c4 Ne5 14. Nxe5 Bxe5
15. f4 Bxa1 16. Bxh7+ Kh8 17. Qh5 Rfd8 18. Qh6 dxc4 19. Be4+ Kg8 20. Rf3 Bxe4
21. Nxe4 Rd1+ 22. Kf2 Rd5 23. Rh3 f5 24. Rg3+ 1-0

[Event "Eastern Ontario op"]
[Site "Ottawa CAN"]
[Date "2019.06.16"]
[Round "5.3"]
[White "Yao, Houji"]
[Black "Demchenko, Svitlana"]
[Result "0-1"]
[WhiteElo "2231"]
[BlackElo "2318"]
[PlyCount "80"]
[EventDate "2019.06.14"]
[EventType "swiss"]
[EventRounds "5"]
[EventCountry "CAN"]

1. e4 Nf6 2. e5 Nd5 3. d4 d6 4. c4 Nb6 5. f4 dxe5 6. fxe5 Nc6 7. Be3 Bf5 8. Nf3
Nb4 9. Na3 e6 10. Be2 Be7 11. O-O O-O 12. Qd2 c5 13. Rad1 Rc8 14. Nb5 Nc2 15.
Bf2 Nxd4 16. Nfxd4 cxd4 17. b3 a6 18. Nxd4 Bg6 19. Bf3 Qc7 20. Qe2 Nd7 21. Bg3
Bc5 22. Kh1 Rfd8 23. Rfe1 Bb4 24. Rf1 Nf8 25. h4 h6 26. h5 Bh7 27. Bh4 Be7 28.
Be1 Rd7 29. Bc3 Qd8 30. Rd2 Bg5 31. Rdd1 Bf4 32. Bg4 Qh4+ 33. Bh3 Rcd8 34. Qe1
Qg5 35. Ba5 Rxd4 36. Bxd8 Qxd8 37. Rxd4 Qxd4 38. Qb4 Qe3 39. Qe7 Qg3 40. Kg1
Be4 0-1

[Event "Eastern Ontario op"]
[Site "Ottawa CAN"]
[Date "2019.06.16"]
[Round "5.4"]
[White "Pace, Christopher"]
[Black "Gordon, David"]
[Result "1-0"]
[WhiteElo "2222"]
[BlackElo "2313"]
[PlyCount "61"]
[EventDate "2019.06.14"]
[EventType "swiss"]
[EventRounds "5"]
[EventCountry "CAN"]

1. g3 e5 2. Bg2 f5 3. d4 exd4 4. Qxd4 Nc6 5. Qd3 g6 6. h4 Bg7 7. h5 Qe7 8. Nc3
Ne5 9. Qd1 c6 10. h6 Bf8 11. Qd4 d6 12. Bd2 Bd7 13. Qb4 Be6 14. Nf3 Nf6 15. Bg5
O-O-O 16. Qa5 Nxf3+ 17. exf3 Bc4+ 18. Kd1 Ba6 19. Bf1 Bxf1 20. Rxf1 Re8 21.
Qxa7 Qf7 22. Bxf6 Qxf6 23. Qa8+ Kc7 24. Qxe8 Qd4+ 25. Ke2 Bxh6 26. Qe7+ Kb6 27.
f4 Qc4+ 28. Kf3 d5 29. Qe2 Qb4 30. a3 Qd6 31. Qe5 1-0

[Event "Eastern Ontario op"]
[Site "Ottawa CAN"]
[Date "2019.06.16"]
[Round "5.5"]
[White "Simic, Dusan"]
[Black "Collins, Chris"]
[Result "1-0"]
[WhiteElo "2148"]
[BlackElo "1977"]
[PlyCount "93"]
[EventDate "2019.06.14"]
[EventType "swiss"]
[EventRounds "5"]
[EventCountry "CAN"]

1. e4 e5 2. Nf3 Nc6 3. Bc4 Bc5 4. d3 Nf6 5. c3 a6 6. a4 Ba7 7. O-O O-O 8. Bg5
d6 9. Bb3 h6 10. Bh4 g5 11. Bg3 Qe7 12. Nbd2 Be6 13. Bc2 b5 14. Re1 Bg4 15. Nf1
Nh5 16. Ne3 Bxe3 17. Rxe3 Nxg3 18. fxg3 f5 19. Bb3+ Kh8 20. exf5 Bxf5 21. d4
Bg4 22. Bd5 Qd7 23. h3 Bxf3 24. Bxf3 Rae8 25. axb5 axb5 26. Bg4 Qg7 27. d5 Ne7
28. Be6 Nf5 29. Rf3 Ne7 30. Ra7 Nc8 31. Ra8 Nb6 32. Rxe8 Rxe8 33. Rf7 Qg6 34.
Rxc7 Rf8 35. g4 Qe4 36. Bf5 Qe3+ 37. Kh1 Ra8 38. Qf1 Nxd5 39. Rh7+ Kg8 40. Rxh6
Nf4 41. Rxd6 e4 42. Rd1 Rf8 43. Re1 Qd2 44. Rxe4 Qxb2 45. g3 Nd5 46. Qd3 Nxc3
47. Bh7+ 1-0

[Event "Eastern Ontario op"]
[Site "Ottawa CAN"]
[Date "2019.06.16"]
[Round "5.6"]
[White "Xu, Daniel"]
[Black "Ning, Alwin"]
[Result "1-0"]
[WhiteElo "2099"]
[BlackElo "2005"]
[PlyCount "53"]
[EventDate "2019.06.14"]
[EventType "swiss"]
[EventRounds "5"]
[EventCountry "CAN"]

1. d4 d5 2. c4 c6 3. Nf3 Nf6 4. Qc2 e6 5. Bf4 Nbd7 6. e3 Be7 7. Bd3 h6 8. O-O
Nh5 9. Be5 Nhf6 10. Nc3 Nxe5 11. dxe5 Nd7 12. cxd5 exd5 13. e6 fxe6 14. Bg6+
Kf8 15. e4 Bf6 16. exd5 cxd5 17. Rfe1 Nb6 18. Ne5 Bxe5 19. Rxe5 Bd7 20. Re3 Ke7
21. Rd1 Rc8 22. Qf5 Rf8 23. Nxd5+ Nxd5 24. Qxd5 Rc6 25. Qd4 Rf6 26. Be4 Rb6 27.
Red3 1-0

[Event "Eastern Ontario op"]
[Site "Ottawa CAN"]
[Date "2019.06.16"]
[Round "5.7"]
[White "Kuttner, Simon"]
[Black "Molnar, Jozsef"]
[Result "0-1"]
[WhiteElo "1992"]
[BlackElo "2106"]
[PlyCount "96"]
[EventDate "2019.06.14"]
[EventType "swiss"]
[EventRounds "5"]
[EventCountry "CAN"]

1. e4 c5 2. Nc3 d6 3. f4 Nc6 4. Nf3 g6 5. g3 Bg7 6. Bg2 Nf6 7. d3 O-O 8. O-O a6
9. h3 Qc7 10. Be3 b5 11. e5 Ne8 12. d4 Bb7 13. Nd5 Qd8 14. dxc5 dxe5 15. Nb6
exf4 16. Bxf4 Bxb2 17. Rb1 Bg7 18. Nxa8 Qxa8 19. Qe2 Nf6 20. Rfd1 Nh5 21. Qf2
Nxf4 22. gxf4 Qb8 23. Qe3 Re8 24. Ne5 Nxe5 25. Bxb7 Qxb7 26. fxe5 e6 27. c4 b4
28. a3 a5 29. axb4 axb4 30. Rd6 Bf8 31. c6 Qc7 32. Rd7 Qxc6 33. Qd3 Qc5+ 34.
Kh1 Qxe5 35. Qf3 Qf5 36. Qxf5 exf5 37. Rc7 Re3 38. Kg2 Rc3 39. Rd1 b3 40. Rb7
Rc2+ 41. Kf3 b2 42. Rd3 Be7 43. Rd5 Bf6 44. Rb8+ Kg7 45. c5 Rc1 46. c6 b1=Q 47.
Rxb1 Rxb1 48. Rc5 Rb8 0-1

[Event "Edmonton int."]
[Site "Edmonton CAN"]
[Date "2019.06.18"]
[Round "1.1"]
[White "Porper, Edward"]
[Black "Daggupati, Balaji"]
[Result "1/2-1/2"]
[WhiteElo "2382"]
[BlackElo "2331"]
[PlyCount "79"]
[EventDate "2019.06.19"]
[EventType "tourn"]
[EventRounds "9"]
[EventCountry "CAN"]
[TimeControl "1"]

1. d4 {[%emt 0:00:03]} d5 {[%emt 0:00:06]} 2. c4 {[%emt 0:00:05]} c6 {
[%emt 0:00:05]} 3. Nf3 {[%emt 0:00:05]} Nf6 {[%emt 0:00:05]} 4. Nc3 {
[%emt 0:00:06]} dxc4 {[%emt 0:00:05]} 5. e4 {[%emt 0:00:20]} b5 {[%emt 0:00:07]
} 6. Be2 {[%emt 0:00:05]} e6 {[%emt 0:03:18]} 7. O-O {[%emt 0:01:11]} Be7 {
[%emt 0:01:30]} 8. a4 {[%emt 0:02:59]} b4 {[%emt 0:01:32]} 9. e5 {
[%emt 0:00:34]} bxc3 {[%emt 0:01:12]} 10. exf6 {[%emt 0:00:02]} Bxf6 {
[%emt 0:02:03]} 11. bxc3 {[%emt 0:00:01]} O-O {[%emt 0:05:36]} 12. Ne5 {
[%emt 0:04:51]} Bxe5 {[%emt 0:05:39]} 13. dxe5 {[%emt 0:00:02]} Qa5 {
[%emt 0:03:28]} 14. Ba3 {[%emt 0:06:50]} Rd8 {[%emt 0:01:13]} 15. Bd6 {
[%emt 0:01:12]} Nd7 {[%emt 0:04:08]} 16. Qd4 {[%emt 0:01:26]} Nb6 {
[%emt 0:01:52]} 17. f4 {[%emt 0:04:31]} Nd5 {[%emt 0:24:40]} 18. Bxc4 {
[%emt 0:09:13]} Qxc3 {[%emt 0:02:42]} 19. Qxc3 {[%emt 0:00:57]} Nxc3 {
[%emt 0:00:06]} 20. Bd3 {[%emt 0:06:57]} a5 {[%emt 0:01:57]} 21. Rfc1 {
[%emt 0:10:04]} Nd5 {[%emt 0:00:17]} 22. g3 {[%emt 0:01:11]} Ba6 {
[%emt 0:00:41]} 23. Be4 {[%emt 0:01:35]} Rdc8 {[%emt 0:08:07]} 24. Rc5 {
[%emt 0:04:14]} Bb7 {[%emt 0:07:09]} 25. Rb1 {[%emt 0:01:39]} Ra7 {
[%emt 0:01:12]} 26. Bxd5 {[%emt 0:04:10]} exd5 {[%emt 0:00:14]} 27. Kf2 {
[%emt 0:00:21]} f5 {[%emt 0:04:17]} 28. e6 {[%emt 0:04:51]} Re8 {[%emt 0:00:19]
} 29. e7 {[%emt 0:00:39]} Kf7 {[%emt 0:03:11]} 30. Rcc1 {[%emt 0:05:55]} Rxe7 {
[%emt 0:01:15]} 31. Bxe7 {[%emt 0:00:10]} Kxe7 {[%emt 0:00:05]} 32. Ke3 {
[%emt 0:05:06]} Kd6 {[%emt 0:01:08]} 33. Kd4 {[%emt 0:06:39]} Ba6 {
[%emt 0:00:13]} 34. Rb6 {[%emt 0:00:44]} Bc4 {[%emt 0:01:02]} 35. Re1 {
[%emt 0:00:23]} Ra8 {[%emt 0:02:40]} 36. h4 {[%emt 0:04:12]} g6 {[%emt 0:01:46]
} 37. Re5 {[%emt 0:02:48]} Rf8 {[%emt 0:07:19]} 38. Re1 {[%emt 0:03:20]} Ra8 {
[%emt 0:00:54]} 39. Re5 {[%emt 0:01:47]} Rf8 {[%emt 0:00:05]} 40. Re1 {
Ke5+ [%emt 00:00:25] Ke4+ c5+ [%emt 0:01:25]} 1/2-1/2

[Event "Edmonton int."]
[Site "Edmonton CAN"]
[Date "2019.06.18"]
[Round "1.2"]
[White "Zierk, Steven"]
[Black "Findlay, Ian"]
[Result "1-0"]
[WhiteElo "2490"]
[BlackElo "2206"]
[PlyCount "63"]
[EventDate "2019.06.19"]
[EventType "tourn"]
[EventRounds "9"]
[EventCountry "CAN"]
[TimeControl "1"]

1. e4 {[%emt 0:00:08]} c5 {[%emt 0:00:08]} 2. Nf3 {[%emt 0:00:04]} d6 {
[%emt 0:00:07]} 3. d4 {[%emt 0:00:03]} cxd4 {[%emt 0:00:08]} 4. Nxd4 {
[%emt 0:00:06]} Nf6 {[%emt 0:00:06]} 5. f3 {[%emt 0:00:21]} e5 {[%emt 0:00:13]}
6. Nb3 {[%emt 0:00:05]} d5 {[%emt 0:00:11]} 7. Bg5 {[%emt 0:00:23]} d4 {
[%emt 0:00:10]} 8. c3 {[%emt 0:00:59]} Nc6 {[%emt 0:00:17]} 9. Bb5 {
[%emt 0:00:37]} h6 {[%emt 0:00:42]} 10. Bxf6 {[%emt 0:00:31]} Qxf6 {
[%emt 0:00:07]} 11. cxd4 {[%emt 0:00:10]} Bb4+ {[%emt 0:00:11]} 12. Nc3 {
[%emt 0:00:27]} O-O {[%emt 0:00:09]} 13. Bxc6 {[%emt 0:01:48]} bxc6 {
[%emt 0:00:09]} 14. dxe5 {[%emt 0:00:14]} Qxe5 {[%emt 0:00:07]} 15. Qd4 {
[%emt 0:00:07]} Qe7 {[%emt 0:00:05]} 16. O-O {[%emt 0:01:24]} Be6 {
[%emt 0:03:37]} 17. Na4 {[%emt 0:04:42]} Rfd8 {[%emt 0:05:12]} 18. Qe3 {
[%emt 0:02:01]} Rab8 {[%emt 0:17:46]} 19. Rfd1 {[%emt 0:04:43]} Bxb3 {
[%emt 0:01:03]} 20. axb3 {[%emt 0:00:43]} Qe6 {[%emt 0:02:23]} 21. Rac1 {
[%emt 0:08:18]} f5 {[%emt 0:07:50]} 22. e5 {[%emt 0:11:08]} Bf8 {[%emt 0:15:15]
} 23. Rxd8 {[%emt 0:05:57]} Rxd8 {[%emt 0:00:03]} 24. f4 {[%emt 0:03:13]} Qd5 {
[%emt 0:07:04]} 25. h3 {[%emt 0:03:53]} Bb4 {[%emt 0:02:28]} 26. Rf1 {
[%emt 0:10:21]} Bd2 {[%emt 0:05:28]} 27. Qf3 {[%emt 0:01:46]} Qb5 {
[%emt 0:01:40]} 28. e6 {[%emt 0:04:53]} Rd6 {[%emt 0:14:41]} 29. Rf2 {
[%emt 0:01:12]} Bc1 {[%emt 0:07:58]} 30. Rc2 {[%emt 0:09:00]} Bd2 {
[%emt 0:02:00]} 31. e7 {[%emt 0:00:54]} Kf7 {[%emt 0:00:16]} 32. Rxd2 {
[%emt 0:00:28]} 1-0

[Event "Edmonton int."]
[Site "Edmonton CAN"]
[Date "2019.06.18"]
[Round "1.3"]
[White "Shabalov, Alexander"]
[Black "Dave, Bhavik"]
[Result "1-0"]
[WhiteElo "2528"]
[BlackElo "1818"]
[PlyCount "37"]
[EventDate "2019.06.19"]
[EventType "tourn"]
[EventRounds "9"]
[EventCountry "CAN"]
[TimeControl "1"]

1. c4 {[%emt 0:00:02]} Nf6 {[%emt 0:00:06]} 2. Nc3 {[%emt 0:00:19]} e6 {
[%emt 0:00:46]} 3. e4 {[%emt 0:00:38]} d5 {[%emt 0:00:23]} 4. e5 {
[%emt 0:00:18]} d4 {[%emt 0:00:56]} 5. exf6 {[%emt 0:00:12]} dxc3 {
[%emt 0:00:37]} 6. bxc3 {[%emt 0:00:07]} Qxf6 {[%emt 0:07:06]} 7. Nf3 {
[%emt 0:00:36]} c5 {[%emt 0:02:31]} 8. Bd3 {[%emt 0:00:42]} Nc6 {[%emt 0:06:01]
} 9. O-O {[%emt 0:00:17]} Bd6 {[%emt 0:02:55]} 10. Be4 {[%emt 0:01:20]} O-O {
[%emt 0:09:55]} 11. d4 {[%emt 0:02:01]} h6 {[%emt 0:00:27]} 12. Be3 {
[%emt 0:15:43]} Rd8 {[%emt 0:12:16]} 13. Qb3 {[%emt 0:07:05]} Qe7 {
[%emt 0:13:27]} 14. Rad1 {[%emt 0:02:15]} Bd7 {[%emt 0:11:24]} 15. dxc5 {
[%emt 0:04:56]} Bxc5 {[%emt 0:02:14]} 16. Qxb7 {[%emt 0:00:13]} Bxe3 {
[%emt 0:11:01]} 17. Rxd7 {[%emt 0:06:34]} Qxd7 {[%emt 0:02:30]} 18. Qxd7 {
[%emt 0:00:14]} Bxf2+ {[%emt 0:06:32]} 19. Kxf2 {[%emt 0:00:06]} 1-0

[Event "Edmonton int."]
[Site "Edmonton CAN"]
[Date "2019.06.18"]
[Round "1.4"]
[White "Noritsyn, Nikolay"]
[Black "Balakrishnan, Praveen"]
[Result "1/2-1/2"]
[WhiteElo "2508"]
[BlackElo "2428"]
[PlyCount "137"]
[EventDate "2019.06.19"]
[EventType "tourn"]
[EventRounds "9"]
[EventCountry "CAN"]
[TimeControl "1"]

1. b3 {[%emt 1:07:17]} e5 2. Bb2 {[%emt 0:00:03]} Nc6 {[%emt 0:00:03]} 3. e3 {
[%emt 0:00:03]} Nf6 {[%emt 0:00:01]} 4. Nf3 {[%emt 0:00:03]} e4 {[%emt 0:00:01]
} 5. Nd4 {[%emt 0:00:04]} Nxd4 {[%emt 0:00:03]} 6. Bxd4 {[%emt 0:00:04]} Be7 {
[%emt 0:00:02]} 7. c4 {[%emt 0:00:04]} b6 8. Nc3 {[%emt 0:00:04]} Bb7 {
[%emt 0:00:02]} 9. g4 {[%emt 0:00:04]} c5 {[%emt 0:00:02]} 10. Be5 {
[%emt 0:00:04]} d6 11. Bf4 {[%emt 0:00:03]} g5 12. Bxg5 {[%emt 0:00:03]} Rg8 {
[%emt 0:00:03]} 13. Bf4 Rxg4 {[%emt 0:00:04]} 14. Bg3 {[%emt 0:00:04]} Rg8 {
[%emt 0:00:01]} 15. Bh3 {[%emt 0:00:05]} h5 {[%emt 0:00:01]} 16. Qc2 {
[%emt 0:00:04]} Ng4 17. O-O-O {[%emt 0:00:05]} h4 {[%emt 0:00:02]} 18. f3 {
[%emt 0:00:04]} exf3 {[%emt 0:00:01]} 19. Qh7 {[%emt 0:00:04]} Rg6 {
[%emt 0:00:03]} 20. Bf4 {[%emt 0:00:08]} f2 {[%emt 0:00:01]} 21. Rhf1 {
[%emt 0:00:05]} Bf3 {[%emt 0:00:04]} 22. Nd5 {[%emt 0:00:01]} Bf8 {
[%emt 0:00:08]} 23. Bxg4 {[%emt 0:00:06]} Rxg4 {[%emt 0:00:04]} 24. Rxf2 {
[%emt 0:00:03]} Bxd5 {[%emt 0:00:05]} 25. cxd5 {[%emt 0:00:02]} Qf6 {
[%emt 0:00:05]} 26. Qe4+ {[%emt 0:00:01]} Kd7 {[%emt 0:00:03]} 27. Qa4+ {
[%emt 0:00:01]} Kd8 {[%emt 0:00:04]} 28. Rdf1 {[%emt 0:00:01]} Bg7 {
[%emt 0:00:03]} 29. Kd1 {[%emt 0:00:03]} Rg6 30. h3 {[%emt 0:00:04]} Qe7 {
[%emt 0:00:02]} 31. Bh2 {[%emt 0:00:02]} f6 {[%emt 0:00:03]} 32. Qc6 {
[%emt 0:00:01]} Rc8 {[%emt 0:00:05]} 33. Qxd6+ {[%emt 0:00:02]} Qxd6 {
[%emt 0:00:02]} 34. Bxd6 {[%emt 0:00:02]} Kd7 {[%emt 0:00:07]} 35. Bh2 {
[%emt 0:00:05]} c4 {[%emt 0:00:02]} 36. bxc4 {[%emt 0:00:03]} Rxc4 {
[%emt 0:00:03]} 37. Rf4 {[%emt 0:00:03]} Rc5 38. Rxh4 {[%emt 0:00:05]} Rxd5 {
[%emt 0:00:03]} 39. Rf2 {[%emt 0:00:06]} f5 40. Rh5 {[%emt 0:00:04]} Ke6 {
[%emt 0:00:06]} 41. a4 {[%emt 0:00:01]} Ra5 {[%emt 0:00:06]} 42. Rh4 {
[%emt 0:00:01]} Rh6 {[%emt 0:00:04]} 43. Rff4 Rg6 {[%emt 0:00:04]} 44. Rc4 {
[%emt 0:00:03]} Rc5 {[%emt 0:00:01]} 45. Rxc5 {[%emt 0:00:04]} bxc5 {
[%emt 0:00:02]} 46. Bb8 {[%emt 0:00:04]} a6 {[%emt 0:00:04]} 47. Ba7 Bf8 {
[%emt 0:00:04]} 48. Rh8 {[%emt 0:00:05]} Be7 {[%emt 0:00:04]} 49. Kc2 {
[%emt 0:00:05]} Kd5 50. a5 {[%emt 0:00:04]} Rg2 {[%emt 0:00:02]} 51. Rh6 {
[%emt 0:00:05]} Bd6 {[%emt 0:00:01]} 52. Rh5 {[%emt 0:00:03]} Rf2 {
[%emt 0:00:04]} 53. Bb6 {[%emt 0:00:03]} Be7 54. h4 {[%emt 0:00:04]} Kc4 {
[%emt 0:00:04]} 55. Rh7 {[%emt 0:00:02]} Bd6 {[%emt 0:00:12]} 56. Rd7 {
[%emt 0:00:04]} Be5 57. Kd1 {[%emt 0:00:03]} f4 {[%emt 0:00:01]} 58. exf4 {
[%emt 0:00:04]} Bxf4 {[%emt 0:00:02]} 59. Bd8 {[%emt 0:00:05]} Rh2 {
[%emt 0:00:05]} 60. Bf6 {[%emt 0:00:02]} Bg3 {[%emt 0:00:03]} 61. Rg7 Bf4 {
[%emt 0:00:09]} 62. Rd7 {[%emt 0:00:03]} Bg3 63. d3+ {[%emt 0:00:04]} Kb4 64.
Rg7 {[%emt 0:00:04]} Bd6 {[%emt 0:00:05]} 65. Rd7 {[%emt 0:00:01]} Bg3 {
[%emt 0:00:03]} 66. Rg7 Bd6 {[%emt 0:00:09]} 67. Rg6 {[%emt 0:00:01]} Bc7 {
[%emt 0:00:04]} 68. Bg5 {[%emt 0:00:04]} Kxa5 {[%emt 0:00:02]} 69. Re6 {
[%emt 0:00:03]} 1/2-1/2

[Event "Edmonton int."]
[Site "Edmonton CAN"]
[Date "2019.06.18"]
[Round "1.5"]
[White "Banerjee, Bitan"]
[Black "Paragua, Mark"]
[Result "1/2-1/2"]
[WhiteElo "2427"]
[BlackElo "2501"]
[PlyCount "93"]
[EventDate "2019.06.19"]
[EventType "tourn"]
[EventRounds "9"]
[EventCountry "CAN"]
[TimeControl "1"]

1. d4 {[%emt 0:00:18]} Nf6 {[%emt 0:00:18]} 2. c4 {[%emt 0:00:06]} g6 {
[%emt 0:00:13]} 3. Nf3 {[%emt 0:00:06]} Bg7 {[%emt 0:00:32]} 4. e3 {
[%emt 0:00:08]} O-O {[%emt 0:00:24]} 5. Be2 {[%emt 0:00:03]} d5 {[%emt 0:00:40]
} 6. cxd5 {[%emt 0:00:10]} Nxd5 {[%emt 0:00:50]} 7. e4 {[%emt 0:00:08]} Nb6 {
[%emt 0:00:06]} 8. O-O {[%emt 0:00:06]} Bg4 {[%emt 0:04:51]} 9. Nbd2 {
[%emt 0:00:06]} e5 {[%emt 0:03:47]} 10. Nxe5 {[%emt 0:16:02]} Bxe2 {
[%emt 0:00:15]} 11. Qxe2 {[%emt 0:00:04]} Qxd4 {[%emt 0:02:13]} 12. Ndf3 {
[%emt 0:04:55]} Qb4 {[%emt 0:05:04]} 13. Nd3 {[%emt 0:09:19]} Qb5 {
[%emt 0:03:58]} 14. Bf4 {[%emt 0:05:05]} Na6 {[%emt 0:04:40]} 15. Qc2 {
[%emt 0:27:42]} Rad8 {[%emt 0:03:28]} 16. Rad1 {[%emt 0:14:32]} Rfe8 {
[%emt 0:05:22]} 17. e5 {[%emt 0:03:35]} Rd5 {[%emt 0:06:33]} 18. b3 {
[%emt 0:04:05]} Nc5 {[%emt 0:13:07]} 19. Nxc5 {[%emt 0:02:12]} Rxc5 {
[%emt 0:00:05]} 20. Qd2 {[%emt 0:05:54]} Rd5 {[%emt 0:06:11]} 21. Qc2 {
[%emt 0:01:16]} Red8 {[%emt 0:11:51]} 22. h4 {[%emt 0:01:31]} Rxd1 {
[%emt 0:07:21]} 23. Rxd1 {[%emt 0:00:04]} Rxd1+ {[%emt 0:00:03]} 24. Qxd1 {
[%emt 0:00:04]} Nd5 {[%emt 0:00:03]} 25. Bg3 {[%emt 0:01:42]} c6 {
[%emt 0:02:26]} 26. Ng5 {[%emt 0:00:47]} Qb4 {[%emt 0:06:39]} 27. h5 {
[%emt 0:02:30]} h6 {[%emt 0:03:46]} 28. Nf3 {[%emt 0:01:09]} Qe4 {
[%emt 0:04:45]} 29. hxg6 {[%emt 0:00:17]} fxg6 {[%emt 0:00:04]} 30. Qd2 {
[%emt 0:00:42]} b6 {[%emt 0:04:42]} 31. Qc1 {[%emt 0:00:38]} c5 {[%emt 0:00:31]
} 32. Nd2 {[%emt 0:00:42]} Qe2 {[%emt 0:00:48]} 33. Nf3 {[%emt 0:00:15]} Kh7 {
[%emt 0:00:41]} 34. a3 {[%emt 0:00:25]} Qe4 {[%emt 0:00:30]} 35. Kh2 {
[%emt 0:00:11]} Ne7 {[%emt 0:00:29]} 36. Qd2 {[%emt 0:00:34]} Qd5 {
[%emt 0:00:23]} 37. Qc2 {[%emt 0:01:10]} Nf5 {[%emt 0:00:14]} 38. Bf4 {
[%emt 0:00:30]} b5 {[%emt 0:00:46]} 39. a4 {[%emt 0:00:29]} bxa4 {
[%emt 0:00:33]} 40. bxa4 {[%emt 0:00:00]} c4 {[%emt 0:00:39]} 41. Kh1 {
[%emt 0:12:17]} a5 {[%emt 0:06:19]} 42. Nd2 {[%emt 0:11:28]} Qd4 {
[%emt 0:02:17]} 43. Qxc4 {[%emt 0:02:43]} Qxf2 {[%emt 0:00:11]} 44. Ne4 {
[%emt 0:00:43]} Qh4+ {[%emt 0:13:50]} 45. Kg1 {[%emt 0:00:15]} Qe1+ {
[%emt 0:00:11]} 46. Kh2 {[%emt 0:00:05]} Qh4+ {[%emt 0:04:52]} 47. Kg1 {
[%emt 0:00:05]} 1/2-1/2

[Event "Edmonton int."]
[Site "Edmonton CAN"]
[Date "2019.06.19"]
[Round "2.1"]
[White "Daggupati, Balaji"]
[Black "Paragua, Mark"]
[Result "1-0"]
[WhiteElo "2331"]
[BlackElo "2501"]
[PlyCount "57"]
[EventDate "2019.06.19"]
[EventType "tourn"]
[EventRounds "9"]
[EventCountry "CAN"]
[TimeControl "1"]

1. e4 {[%emt 0:00:03]} c5 {[%emt 0:00:40]} 2. Nf3 {[%emt 0:00:07]} d6 {
[%emt 0:00:07]} 3. d4 {[%emt 0:00:05]} cxd4 {[%emt 0:00:05]} 4. Nxd4 {
[%emt 0:00:07]} Nf6 {[%emt 0:00:07]} 5. Nc3 {[%emt 0:00:07]} a6 {[%emt 0:00:13]
} 6. Qe2 {[%emt 0:00:06]} e5 {[%emt 0:00:22]} 7. Nf5 {[%emt 0:00:07]} d5 {
[%emt 0:01:20]} 8. Bg5 {[%emt 0:00:17]} d4 {[%emt 0:00:14]} 9. O-O-O {
[%emt 0:00:11]} Nc6 {[%emt 0:00:25]} 10. f4 {[%emt 0:00:08]} Qa5 {
[%emt 0:07:39]} 11. fxe5 {[%emt 0:00:14]} dxc3 {[%emt 0:01:42]} 12. exf6 {
[%emt 0:00:12]} g6 {[%emt 0:12:48]} 13. Rd5 {[%emt 0:05:57]} Qxa2 {
[%emt 0:02:59]} 14. bxc3 {[%emt 0:00:19]} gxf5 {[%emt 0:01:50]} 15. exf5+ {
[%emt 0:05:18]} Be6 {[%emt 0:01:29]} 16. Rd3 {[%emt 0:04:18]} Ba3+ {
[%emt 0:02:56]} 17. Kd2 {[%emt 0:00:08]} Qa1 {[%emt 0:08:12]} 18. Qxe6+ {
[%emt 0:02:30]} fxe6 {[%emt 0:13:59]} 19. Be2 {[%emt 0:00:08]} h6 {
[%emt 0:03:34]} 20. Rxa1 {[%emt 0:01:57]} hxg5 {[%emt 0:02:35]} 21. Rxa3 {
[%emt 0:05:15]} exf5 {[%emt 0:00:14]} 22. Rb3 {[%emt 0:09:28]} Na5 {
[%emt 0:07:17]} 23. Rb4 {[%emt 0:00:10]} Kf7 {[%emt 0:11:35]} 24. Rd6 {
[%emt 0:08:40]} Kg6 {[%emt 0:06:53]} 25. g4 {[%emt 0:10:38]} Rxh2 {
[%emt 0:07:33]} 26. gxf5+ {[%emt 0:00:07]} Kh6 {[%emt 0:05:04]} 27. Re4 {
[%emt 0:02:27]} Rf8 {[%emt 0:00:58]} 28. Kc1 {[%emt 0:01:20]} Rf2 {
[%emt 0:01:08]} 29. Re8 {[%emt 0:00:20]} 1-0

[Event "Edmonton int."]
[Site "Edmonton CAN"]
[Date "2019.06.19"]
[Round "2.2"]
[White "Balakrishnan, Praveen"]
[Black "Banerjee, Bitan"]
[Result "1/2-1/2"]
[WhiteElo "2428"]
[BlackElo "2427"]
[PlyCount "72"]
[EventDate "2019.06.19"]
[EventType "tourn"]
[EventRounds "9"]
[EventCountry "CAN"]
[TimeControl "1"]

1. d4 {[%emt 0:04:16]} c5 {[%emt 0:03:19]} 2. d5 {[%emt 0:00:45]} e5 {
[%emt 0:01:10]} 3. e4 {[%emt 0:02:49]} d6 {[%emt 0:00:05]} 4. Nc3 {
[%emt 0:06:53]} Be7 {[%emt 0:00:07]} 5. Nf3 {[%emt 0:04:48]} Bg4 {
[%emt 0:03:01]} 6. h3 {[%emt 0:06:56]} Bxf3 {[%emt 0:03:14]} 7. Qxf3 {
[%emt 0:00:07]} a6 {[%emt 0:00:27]} 8. Qg3 {[%emt 0:08:28]} g6 {[%emt 0:00:09]}
9. h4 {[%emt 0:06:15]} Nf6 {[%emt 0:03:19]} 10. a4 {[%emt 0:03:56]} Nh5 {
[%emt 0:14:35]} 11. Qh2 {[%emt 0:07:05]} h6 {[%emt 0:10:58]} 12. Be2 {
[%emt 0:02:23]} Ng7 {[%emt 0:00:27]} 13. h5 {[%emt 0:10:50]} gxh5 {
[%emt 0:08:13]} 14. Bxh5 {[%emt 0:06:03]} Bg5 {[%emt 0:00:15]} 15. Qg3 {
[%emt 0:01:21]} Nd7 {[%emt 0:11:12]} 16. Be2 {[%emt 0:04:42]} Rg8 {
[%emt 0:04:10]} 17. f4 {[%emt 0:07:34]} exf4 {[%emt 0:03:50]} 18. Bxf4 {
[%emt 0:00:12]} Qf6 {[%emt 0:00:30]} 19. Bxg5 {[%emt 0:05:45]} hxg5 {
[%emt 0:01:26]} 20. O-O-O {[%emt 0:00:36]} Ne5 {[%emt 0:01:08]} 21. Rdf1 {
[%emt 0:01:38]} Qe7 {[%emt 0:01:44]} 22. Nd1 {[%emt 0:04:07]} O-O-O {
[%emt 0:09:24]} 23. Ne3 {[%emt 0:00:12]} Rh8 {[%emt 0:01:57]} 24. Ng4 {
[%emt 0:01:57]} Nd7 {[%emt 0:10:02]} 25. Qf3 {[%emt 0:00:46]} f6 {
[%emt 0:00:50]} 26. Bd3 {[%emt 0:00:54]} Rdf8 {[%emt 0:01:12]} 27. Rh3 {
[%emt 0:01:06]} Kc7 {[%emt 0:03:56]} 28. Rfh1 {[%emt 0:00:41]} Rxh3 {
[%emt 0:00:43]} 29. Rxh3 {[%emt 0:00:20]} Ne5 {[%emt 0:01:46]} 30. Qg3 {
[%emt 0:01:24]} Ng6 {[%emt 0:01:10]} 31. Rh7 {[%emt 0:00:38]} Rh8 {
[%emt 0:00:27]} 32. Rxh8 {[%emt 0:00:25]} Nxh8 {[%emt 0:00:01]} 33. Qf3 {
[%emt 0:00:25]} Ne8 {[%emt 0:00:05]} 34. Qf5 {[%emt 0:00:34]} Nf7 {
[%emt 0:00:53]} 35. Be2 {[%emt 0:00:31]} Ne5 {[%emt 0:00:47]} 36. a5 {
[%emt 0:00:29]} Kd8 {[%emt 0:01:00]} 1/2-1/2